Southville International School and Colleges
Your cart is empty.
  • Cart
  • Lists
    Public lists Eva Luna New books Lux_list list_1
    Your lists Log in to create your own lists
  • Log in to your account
  • Your cookies
  • Search history
Southville International School and Colleges
  • Advanced search
  • Recent comments
  • Most popular
  • Libraries

Log in to your account

Log in with GOOGLE


If you do not have an external account, but do have a local account, you can still log in:

  1. Home
  2. MARC view: Witness to disaster :
Normal view MARC view ISBD view

Witness to disaster : (Record no. 344781)

[ view plain ]
MARC details
000 -LEADER
fixed length control field 00731nam a2200277Ia 4500
008 - FIXED-LENGTH DATA ELEMENTS--GENERAL INFORMATION
fixed length control field 171025s9999 xx 000 0 und d
020 ## - INTERNATIONAL STANDARD BOOK NUMBER
International Standard Book Number 9780792253808
050 ## - LIBRARY OF CONGRESS CALL NUMBER
Classification number 551.46
050 ## - LIBRARY OF CONGRESS CALL NUMBER
Item number F799 2008
100 ## - MAIN ENTRY--PERSONAL NAME
Personal name Fradin, Judy
245 ## - TITLE STATEMENT
Title Witness to disaster :
245 ## - TITLE STATEMENT
Remainder of title Tsunamis /
245 ## - TITLE STATEMENT
Statement of responsibility, etc by Judy Bloom Fradin and Dennis B. Fradin.
260 ## - PUBLICATION, DISTRIBUTION, ETC. (IMPRINT)
Place of publication, distribution, etc USA :
260 ## - PUBLICATION, DISTRIBUTION, ETC. (IMPRINT)
Name of publisher, distributor, etc National Geographic,
260 ## - PUBLICATION, DISTRIBUTION, ETC. (IMPRINT)
Date of publication, distribution, etc 2008
300 ## - PHYSICAL DESCRIPTION
Extent 48 pages :
300 ## - PHYSICAL DESCRIPTION
Other physical details colored illustrations ;
300 ## - PHYSICAL DESCRIPTION
Dimensions 26cm.
500 ## - GENERAL NOTE
General note Includes glossary, bibliographic reference and index.
650 ## - SUBJECT ADDED ENTRY--TOPICAL TERM
Topical term or geographic name as entry element Ocean waves.
650 ## - SUBJECT ADDED ENTRY--TOPICAL TERM
Topical term or geographic name as entry element Tsunami --
650 ## - SUBJECT ADDED ENTRY--TOPICAL TERM
General subdivision Natural disasters.
700 ## - ADDED ENTRY--PERSONAL NAME
Personal name Fradin, Dennis B.
700 ## - ADDED ENTRY--PERSONAL NAME
Personal name Title.
Holdings
Withdrawn status Lost status Damaged status Home library Current library Date acquired Total Checkouts Full call number Barcode Date last seen Price effective from Koha item type
      Stonyhurst Southville International School (Malarayat) Stonyhurst Southville International School (Malarayat) 10/25/2017   NF 551.46 F799 2008 SSISM3834 10/25/2017 10/25/2017 Books

Witness to disaster :

APA

Fradin J., Fradin D. B. & Title.Witness to disaster. USA: .

Chicago

Fradin Judy, Fradin Dennis B and Title.Witness to disaster. USA: .

Harvard

Fradin J., Fradin D. B. and Title.Witness to disaster. USA: .

MLA

Fradin Judy, Fradin Dennis B and Title.USA: . .

  • Place hold
  • Print
  • Cite
  • Add to your cart (remove)
  • Save record
    BIBTEX Dublin Core MARCXML MARC (non-Unicode/MARC-8) MARC (Unicode/UTF-8) MARC (Unicode/UTF-8, Standard) MODS (XML) RIS
  • More searches
    Search for this title in:
    Other Libraries (WorldCat) Other Databases (Google Scholar) Online Stores (Bookfinder.com) Open Library (openlibrary.org)

Exporting to Dublin Core...

SOUTHVILLE LIBRARY

Southville International School and Colleges Library

1281 Tropical Ave. Cor. Luxembourg St., BF Homes International, Las Pinas City

Tel. No. 8256374 / 252358 Loc. 117/146

Powered by Koha